000 00430nam a22001337a 4500
008 131213b xxu||||| |||| 00| 0 eng d
050 _aBV4211.2.M172 2011
100 _aMacpherson, Duncan
_95711
245 _aThe Splendour of the Preachers
_bNew approaches to Liturgical Preaching
_c Duncan Macpherson
260 _aLondon
_bSt. Pauls
_c2011
300 _a141p. ;
_c20cm.
650 _aPreaching
_95712
942 _2lcc
_cMONOGRAPH
_02
999 _c119265
_d119265